Guess the Fusion Rock Song Lyrics #311 - Statistics

General Stats
  • This quiz has been taken 16 times
  • The average score is 125 of 206
Answer Stats
Answer % Correct
a
100%
I
100%
My
100%
my
100%
love
92%
on
92%
The
92%
the
92%
you
92%
You
92%
and
85%
And
85%
be
85%
do
85%
is
85%
me
85%
to
85%
We
85%
we
85%
who
85%
am
77%
can
77%
For
77%
for
77%
I'm
77%
that
77%
That
77%
will
77%
are
69%
can't
69%
in
69%
know
69%
like
69%
no
69%
one
69%
so
69%
then
69%
There
69%
what
69%
got
62%
live
62%
people
62%
won't
62%
yeah
62%
hate
54%
out
54%
being
46%
black
46%
doesn't
46%
everyday
46%
not
46%
right
46%
Sometimes
46%
together
46%
with
46%
wrong
46%
living
38%
song
38%
figure
31%
red
31%
Sly and the Family Stone
31%
white
31%
yellow
31%
accept
23%
Different
23%
different
23%
dooby
23%
fat
23%
folks
23%
help
23%
long
23%
Makes
23%
poor
23%
rich
23%
scooby
23%
short
23%
skinny
23%
strokes
23%
such
23%
difference
15%
neither
15%
own
15%
same
15%
trying
15%
whatever
15%
bag
8%
beliefs
8%
better
8%
blue
8%
butcher
8%
drummer
8%
green
8%
group
8%
hair
8%
banker
0%
No matching quizzes found
Score Distribution
Percent of People with Each Score
Percentile by Number Answered
Your Score History
You have not taken this quiz